• 首页
  • 本馆介绍
  • 公告通知
  • 最新文献
  • 馆藏检索
  • 电子资源
  • 读者导购
  • 参考咨询
  • 我的图书馆
  • 登录
  • 详细信息显示
  • 放入我的书架
  • 预约/预借图书
  • 作者相关作品
  • 分类相关作品
  • 丛书相关作品
  • 出版社相关作品

书目信息

  • 表格格式
  • 工作单格式
  • 卡片格式
题名:
瘦身有术
    
 
作者: 相建华 编著
分册:  
出版信息: 北京   人民体育出版社  2000
页数: 213页
开本: 20cm
丛书名:
单 册:
中图分类: R151.1 , R589.2 , R161
科图分类:
主题词: 减肥--方法 , 肥胖病--防治 , 减肥 , 肥胖病 , 个人卫生
电子资源:
ISBN: 7-5009-1972-7
000 00843nam0 2200289 450
001 1573015759
005 20150129201727.62
010    @a7-5009-1972-7@dCNY12.00
100    @a20010106d2000 em y0chiy0110 ea
101 0  @achi
102    @aCN@b110000
105    @ay z 000yy
200 1  @a瘦身有术@9shou shen you shu@f相建华编著
210    @a北京@c人民体育出版社@d2000
215    @a213页@d20cm
330    @a本书介绍了一些错误的减肥观念,减肥困难的原因,减肥者的心理困扰,肥胖为什么会影响性生活,减肥的一些小妙方和中国古老的减肥术等。
606 0  @a减肥@x方法
606 0  @a肥胖病@x防治
606 0  @a减肥
606 0  @a肥胖病
606 0  @a个人卫生
690    @aR151.1@v5
690    @aR589.2@v5
690    @aR161@v4
701  0 @a相建华@9xiang jian hua@f(1961~)@4编著
801  0 @aCN@bTSSF@c20150129
905    @aZUCC@dR161@eJY194
    
    瘦身有术/相建华编著.-北京:人民体育出版社,2000
    213页;20cm
    
    
    ISBN 7-5009-1972-7:CNY12.00
    本书介绍了一些错误的减肥观念,减肥困难的原因,减肥者的心理困扰,肥胖为什么会影响性生活,减肥的一些小妙方和中国古老的减肥术等。
●
相关链接 在E读中查询图书 在五车中查询图书 在当当中查询图书 在豆瓣中查询图书


正题名:瘦身有术     索取号:R161/JY194         预约/预借

序号 登录号 条形码 馆藏地/架位号 状态 备注
1 7863362   278633622   学院路分馆/ [索取号:R161/JY194] 在馆    
2 7863363   278633631   学院路分馆/ [索取号:R161/JY194] 在馆    
唐山师范学院图书馆 欢迎您!
大连网信软件有限公司© 版权所有